| 000 | 00781nam a2200229 4500 | ||
|---|---|---|---|
| 999 |
_c11027 _d11027 |
||
| 001 | 11027 | ||
| 003 | BD-JhCC | ||
| 005 | 20220626134022.0 | ||
| 008 | 190625s2014 bg |||| |||| 000 0 ben d | ||
| 020 | _a9789849063223 | ||
| 035 | _a(BD-JhCC)11027 | ||
| 040 |
_aBD-JhCC _dBD-JhCC |
||
| 041 | _aben | ||
| 082 |
_a823.914 _bSMI 2014 |
||
| 100 | _aস্মিথ, উইলবার | ||
| 245 |
_aদৌজ ইন পেরাল / _cউইলবার স্মিথ; জেসি মেরী কুইয়া অনূদিত |
||
| 260 |
_aঢাকা : _bরোদেলা, _c২০১৪ |
||
| 300 |
_a৩৫১ পৃ. : _c২২ সেমি. |
||
| 650 | _aKidnapping -- Fiction. | ||
| 700 | _aকুইয়া, জেসি মেরী | ||
| 942 |
_2ddc _cBK _014 |
||